000
00334nam a2200133Ia 4500
008
240624s9999 xx 000 0 und d
041
_a
eng
082
_a
657 SHA
100
_a
SHAH PARESH
245
_a
MANAGEMENT ACCOUNTING
260
_c
2009
_a
New Delhi
_b
Oxford University press
300
_a
793 : p. : cm. ; 22
365
_c
RS
_b
30
999
_c
12976
_d
12976